• 首页
  • 本馆介绍
  • 公告通知
  • 最新文献
  • 馆藏检索
  • 电子资源
  • 读者荐购
  • 参考咨询
  • CALIS
  • 我的图书馆
  • 登录
  • 详细信息显示
  • 放入我的书架
  • 预约/预借图书
  • 作者相关作品
  • 分类相关作品
  • 丛书相关作品
  • 出版社相关作品

书目信息

  • 表格格式
  • 工作单格式
  • 卡片格式
题名:
回话有招
    
 
作者: ;沟通研习社 编
分册:  
出版信息: 北京   北京日报出版社  2024.08
页数: 201页
开本: 21cm
丛书名:
单 册:
中图分类: C912.11
科图分类:
主题词: 心理交往
电子资源:
ISBN: 978-7-5477-4973-9
 
 
 
 
 
000 00813nam0 2200241 450
001 012699166
005 20251022160736.47
010    @a978-7-5477-4973-9@dCNY48.00
100    @a20240915d2024 em y0chiy0120 ea
101 0  @achi
102    @aCN@b110000
105    @ay z 000yy
106    @ar
200 1  @a回话有招@9hui hua you zhao@f沟通研习社编
210    @a北京@c北京日报出版社@d2024.08
215    @a201页@d21cm
300    @a双色加强版
330    @a本书共分为五部分,内容包括:职场交流技巧,助你节节高升;人情往来,如何说难说的话;日常人际交往,如何回话人人爱;两性情感沟通,语言让你感情升温;家校日常沟通,为孩子搭建一座桥。
606 0  @a心理交往
690    @aC912.11@v5
711 02 @a沟通研习社@9gou tong yan xi she@4编
801  0 @aCN@c20250909
905    @a河南城建学院图书馆@dC912.11@eG427@ZG427@f1
    
    回话有招/沟通研习社编.-北京:北京日报出版社,2024.08
    201页;21cm
    双色加强版
    
    ISBN 978-7-5477-4973-9:CNY48.00
    本书共分为五部分,内容包括:职场交流技巧,助你节节高升;人情往来,如何说难说的话;日常人际交往,如何回话人人爱;两性情感沟通,语言让你感情升温;家校日常沟通,为孩子搭建一座桥。
●
相关链接 在E读中查询图书 在当当中查询图书 在豆瓣中查询图书


正题名:回话有招     索取号:C912.11/G427         预约/预借

序号 登录号 条形码 馆藏地/架位号 状态 备注
1 1632725   216327259   社科库509/509社科库 58排6列1层/ [索取号:C912.11/G427] 在馆    
河南城建学院图书馆 欢迎您!
大连网信软件有限公司© 版权所有